How Many 5 Seconds of Summer Songs Can You Name? - Statistics

General Stats
  • This quiz has been taken 6,394 times
    653 since last reset
  • The average score is 75 of 140
Answer Stats
Album Songs % Correct
Youngblood Youngblood
93%
5 Seconds of Summer She Looks So Perfect
92%
Amnesia
89%
Don't Stop
87%
She's Kinda Hot
87%
EVERYONE'S A STAR! Everyone's A Star!
82%
Good Girls
82%
Ghost
81%
Teeth
80%
CALM Red Desert
78%
Ghost Of You
76%
Boyband
75%
English Love Affair
75%
Jet Black Heart
75%
Babylon
74%
Ghostbusters Girls Talk Boys
73%
Easier
72%
NOT OK
72%
No Shame
71%
Telephone Busy
71%
Valentine
71%
Bad Omens
70%
Old Me
69%
18
67%
Sounds Good Feels Good Money
67%
More
67%
Lie To Me
66%
500 Years Of Winter Pizza
66%
The Chainsmokers Who Do You Love
66%
Wildflower
66%
Heartbreak Girl
65%
The Rocks
65%
Voodoo Doll
65%
Want You Back
65%
Best Friend
64%
Caramel
64%
Hey Everybody!
63%
istillfeelthesame
63%
Lover Of Mine
63%
Outer Space Carry On
63%
2021 Single 2011
62%
Beside You
62%
Queen Cover Killer Queen
62%
Older
62%
Evolve
61%
If Walls Could Talk
61%
I'm Scared I'll Never Sleep Again
61%
Woke Up In Japan
61%
BLENDER
60%
CAROUSEL
60%
5SOS5 COMPLETE MESS
60%
High
60%
No. 1 Obsession
60%
Empty Wallets
59%
Green Day Cover American Idiot
58%
Broken Home
58%
Castaway
58%
Jawbreaker
58%
Me Myself & I
58%
San Francisco
58%
Try Hard
58%
Airplanes
57%
Talk Fast
57%
Gotta Get Out
56%
Lonely Heart
56%
Long Way Home
56%
The Girl Who Cried Wolf
56%
You Don't Go to Parties
56%
Kiss Me Kiss Me
54%
Monster Among Men
54%
Permanent Vacation
54%
Safety Pin
54%
Vapor
54%
Bleach
53%
Disconnected
53%
Mrs All American
53%
Not In The Same Way
53%
Out Of My Limit
53%
Why Won't You Love Me
53%
Emotions
52%
Kill My Time
52%
Red Line
52%
Bloodhound
51%
Take My Hand
51%
Thin White Lies
51%
Better Man
50%
End Up Here
50%
, Flatline
50%
Greenlight
50%
Galantis & David Guetta Lighter
50%
Meet You There
50%
TEARS!
50%
Somewhere New Unpredictable
50%
Waste The Night
49%
Catch Fire
48%
Easy For You To Say
48%
Everything I Didn't Say
48%
Invisible
48%
Best Years
47%
Moving Along
47%
Never Be
46%
Best Friends
45%
Fly Away
45%
HAZE
45%
Amnesia Daylight
44%
She Looks So Perfect B-Sides Heartache On The Big Screen
44%
ONE OK ROCK Take What You Want
44%
Lost Boy
43%
Wrapped Around Your Finger
43%
Moodswings
42%
Sick of Myself
41%
Wherever You Are
41%
When You Walk Away
39%
The Romantics Cover What I Like About You
37%
The Only Reason
36%
Social Casualty
35%
Close As Strangers
34%
If You Don't Know
34%
Midnight
34%
Over And Out
34%
The Space Between A Rock And A Hard Place
34%
Lost In Reality
33%
Don't Stop Rejects
33%
Tomorrow Never Dies
33%
She's Kinda Hot Broken Pieces
32%
Independence Day
32%
Post Malone Cover Stay
32%
Good Girls Just Saying
31%
SGFG B-Sides Story Of Another Us
31%
I Can't Remember
21%
Fifa World Cup Song Hearts Upon Our Sleeves
18%
Teenage Queen
12%
Unreleased Over And Over
10%
Superhero
8%
Bad Dreams
4%
I've Got This Friend
4%
Heartbreak For Two
3%
The Perfect Disguise
1%
No matching quizzes found
Score Distribution
Percent of People with Each Score
Percentile by Number Answered
Your Score History
You have not taken this quiz since the last reset